Loading...
| Fine Arts - Auditory | 2 | 10.00 | 0% | 100% | 100% |
| Fine Arts - Other | 3 | 13.33 | 133% | 67% | 133% |
| Fine Arts - Visual | 3 | 10.00 | 0% | 133% | 67% |
| History - American | 2 | 0.00 | 0% | 0% | 0% |
| History - European | 4 | 7.50 | 0% | 50% | 100% |
| History - Other | 3 | 6.67 | 133% | 0% | 67% |
| History - World | 3 | 10.00 | 133% | 67% | 67% |
| Literature - American | 3 | 10.00 | 133% | 0% | 133% |
| Literature - British | 4 | 10.00 | 200% | 50% | 50% |
| Literature - European | 4 | 10.00 | 100% | 150% | 0% |
| Literature - World | 2 | 5.00 | 200% | 0% | 0% |
| Mythology | 2 | 10.00 | 0% | 100% | 100% |
| Other Academic | 2 | 10.00 | 200% | 0% | 100% |
| Philosophy | 1 | 10.00 | 0% | 0% | 200% |
| Religion | 3 | 6.67 | 133% | 0% | 67% |
| Science - Biology | 1 | 10.00 | 0% | 0% | 200% |
| Science - Other | 1 | 20.00 | 400% | 200% | 0% |
| Science - Physics | 3 | 6.67 | 133% | 67% | 0% |
| Social Science | 1 | 0.00 | 0% | 0% | 0% |